| 000 | 00662nam a2200229Ia 4500 | ||
|---|---|---|---|
| 003 | OSt | ||
| 005 | 20220926012123.0 | ||
| 006 | a|||||r|||| 00| 0 | ||
| 007 | ta | ||
| 008 | 220923b |||||||| |||| 00| 0 eng d | ||
| 037 | _cGeneral Book | ||
| 040 |
_aRTL _cRTL _beng |
||
| 041 |
_2eng _aeng |
||
| 082 | _aV73.N6, K5 | ||
| 100 |
_aBailey Stephen K Ed. _992132 |
||
| 245 | 0 |
_aAmerican politics and government _b Essays in essent |
|
| 260 |
_aNew York _bBasic Books _c1965 |
||
| 300 |
_axiii, 283p _ccm. |
||
| 650 |
_aUnited States History _931585 |
||
| 942 |
_hV73.N6, K5 _cGB _2CC |
||
| 999 |
_c621755 _d621755 |
||